|
|
|
|
| LEADER |
00000nkm a2200000 a 4500 |
| 001 |
vtls012015440 |
| 003 |
SK-MaSNL |
| 005 |
20260301150409.0 |
| 007 |
kf ho |
| 008 |
230706q1869 xo g kuhun |
| 015 |
|
|
|a SNBG
|
| 035 |
|
|
|a urn:nbn:sk:snk-km00facm
|
| 035 |
|
|
|a urn:nbn:sk:snk-km45su8
|
| 035 |
|
|
|a 148B27C0-C7E0-4360-9686-55001DDB40BC
|
| 040 |
|
|
|a SNK
|b slo
|c SNK
|e AACR2
|
| 041 |
0 |
|
|a hun
|
| 043 |
|
|
|a e-xo---
|
| 044 |
|
|
|a xo
|c SK
|
| 072 |
|
7 |
|a 913
|x Regionálna geografia
|2 konspekt
|
| 080 |
|
|
|a 913(437.6)
|2 2011
|
| 080 |
|
|
|a 711.73
|2 2011
|
| 080 |
|
|
|a 721
|2 2011
|
| 080 |
|
|
|a 726:27-523.42
|2 2011
|
| 080 |
|
|
|a 94(084.121)
|2 2011
|
| 245 |
0 |
0 |
|a Üdvözlet Galantháról
|h grafika
|
| 260 |
|
|
|a [Slovensko?]
|b [vydavateľ neznámy]
|c [medzi 1869 a 1907?]
|
| 300 |
|
|
|a 1 pohľadnica (3 čiastkové pohľady)
|b kolorovaná
|c 9 x 15 cm
|
| 500 |
|
|
|a Názvové údaje prevzaté z obrazovej časti pohľadnice
|
| 520 |
8 |
|
|a Zobrazenie: Tri čiastkové pohľady na bielom podklade, každý v rozdielnom ozdobnom orámovaní. Pohľad na ulicu plnú ľudí s jedným konským povozom. Vľavo je rad budov, vpravo je rad stromov. Pohľad na ulicu s konským povozom v popredí, okolo neho je niekoľko ľudí. Vľavo aj vpravo sú rady budov, pred nimi, na okrajoch chodníkov sú rady listnatých stromov. Pohľad na ulicu s niekoľkými ľuďmi, aj s konským povozom uprostred. Vľavo aj vpravo sú rady budov, pred nimi sú okraje chodníkov lemované listnatými stromami. V pozadí na konci ulice vidno kostol
|
| 650 |
0 |
7 |
|a ulice
|2 SNKPH
|9 2938
|
| 650 |
0 |
7 |
|a budovy
|2 SNKPH
|9 1283
|
| 650 |
0 |
7 |
|a kostoly
|2 SNKPH
|9 3023
|
| 651 |
|
7 |
|a Galanta (Slovensko)
|2 SNKPHgeo
|9 15687
|
| 655 |
|
7 |
|a miestne pohľadnice
|2 SNKPH
|9 70510
|
| 655 |
|
7 |
|a historické pohľadnice
|2 SNKPH
|9 159703
|
| 852 |
|
|
|a Slovenská národná knižnica
|
| 958 |
|
|
|a GC
|
| 958 |
|
|
|a GBN
|
| 958 |
|
|
|a ONDV
|
| 999 |
|
|
|c 783394
|d 785324
|
| 952 |
|
|
|a SNK
|b SNK
|y PREZ
|7 0
|p 17A1240662
|o snkSP 37646
|z Pohľadnica prešla poštou. ; Pohľadnica je poškodená, z adresnej časti je vpravo hore odtrhnutý roh.
|0 0
|1 0
|4 0
|d 2021-02-22
|f 1
|l 0
|r 2026-02-24 01:11:31
|w 2026-02-24
|